Testy pro personální práci : jak je správně vytvářet a používat /

Salvato in:
Dettagli Bibliografici
Autori principali: Evangelu, Jaroslava Ester (Autore), Neubauer, Jiří (Autore)
Natura: Libro
Lingua:ceco
Pubblicazione: Praha Grada 2014
Edizione:1. vyd.
Soggetti:
Tags: Aggiungi Tag
Nessun Tag, puoi essere il primo ad aggiungerne!!

MARC

LEADER 00000nam a22000003a 4500
001 0091055
003 SK-STU
005 20211022124732.2
007 ta
008 211022s ----xo-----e------000-0-----d
020 |a 978-80-247-5056-9 
040 |a STU  |b slo 
041 0 |a cze 
044 |a xr 
100 1 |a Evangelu, Jaroslava Ester  |4 aut 
245 1 0 |a Testy pro personální práci :  |b jak je správně vytvářet a používat /  |c aut. Jaroslava Ester Evangelu, Jiří Neubauer 
250 |a 1. vyd. 
260 |a Praha  |b Grada  |c 2014 
300 |a 140 s. 
650 0 7 |a personálna práca 
700 1 |a Neubauer, Jiří  |4 aut 
996 |b 284M088862  |c M* 14513-1  |l MMST  |s A  |a 24  |w 0091055_0001